| LEADER | 01107cam a22003377i 4500 | ||
|---|---|---|---|
| 001 | 13005871 | ||
| 005 | 20180124132349.0 | ||
| 008 | 161109s2016 my b 001 0 eng | ||
| 010 | |a 2016323911 | ||
| 020 | |a 9789674184148 | ||
| 020 | |a 9674184147 | ||
| 035 | |a (OCoLC)ocn944136100 | ||
| 035 | |a (OCoLC)944136100 | ||
| 035 | |a (NNC)13005871 | ||
| 040 | |a DLC |b eng |e rda |c DLC |d TEF |d OCLCF |d OCLCO | ||
| 042 | |a lcode | ||
| 050 | 4 | |a BP189 |b .O54 2016 | |
| 100 | 1 | |a Spahic, Omer, |d 1968- |e author. | |
| 245 | 1 | 0 | |a From mosques to khanqahs : |b the origins and rise of sufism and Sufi institutions / |c Spahic Omer. |
| 246 | 3 | 0 | |a Origins and rise of sufism and Sufi institutions |
| 264 | 1 | |a Gombak : |b IIUM Press, |c 2016. | |
| 300 | |a v, 213 pages ; |c 23 cm | ||
| 336 | |a text |b txt |2 rdacontent | ||
| 337 | |a unmediated |b n |2 rdamedia | ||
| 338 | |a volume |b nc |2 rdacarrier | ||
| 504 | |a Includes bibliographical references (pages 197-207) and index. | ||
| 546 | |a In English. | ||
| 650 | 0 | |a Sufism. | |
| 650 | 7 | |a Sufism. |2 fast |0 (OCoLC)fst01137257 | |
| 710 | 2 | |a IIUM Press, |e publisher. | |
| 852 | 0 | 0 | |b glx |h BP189 |i .O54 2016g |


